Violencia sexual art. 173.3. y la conclusión anticipada : (Record no. 3229)

000 -CABECERA
fixed length control field 01076nam a22002177a 4500
003 - IDENTIFICADOR DEL NÚMERO DE CONTROL
control field AR-CdUCM
008 - DATOS DE LONGITUD FIJA--INFORMACIÓN GENERAL
fixed length control field 190306b ||||| |||| 00| 0 spa d
040 ## - FUENTE DE LA CATALOGACIÓN
Agencia/entidad que catalogó originalmente la obra MUNICIPALIDAD PROVINCIAL DEL CUSCO
Entidad que transcribió la catalogación BIBLIOTECA MUNICIPAL DEL CUSCO
082 ## - NÚMERO DE LA CLASIFICACIÓN DECIMAL DEWEY
No. de Clasificación 344.522 /
Notacion interna AC21
100 ## - ENTRADA PRINCIPAL--NOMBRE DE PERSONA
Nombre Personal Acosta, Alí Aparicio
245 ## - MENCIÓN DE TÍTULO
Título Violencia sexual art. 173.3. y la conclusión anticipada :
Resto del título compilación y normativa jursiprudencial /
260 ## - PUBLICACIÓN, DISTRIBUCIÓN, ETC.
Lugar de publicación, distribución, etc. Cusco :
Nombre de la editorial, distribuidor, etc. Tall. Gráf. de CIBERCOPY,
Fecha de publicación, distribución, etc. 2009.
300 ## - DESCRIPCIÓN FÍSICA
Nº de Páginas Extensión 147 páginas ;
Dimensiones 21 cm.
505 ## - NOTA DE CONTENIDO CON FORMATO
Nota de contenido formateada Contenido: Evolución sistemática de los artículos 170, 173 y 175 del código penal -- Ley sobre conclusión anticipada de la instrucción en proceso -- Violación sexual de mayores de 14 y menores de 18 años -- La pertinencia del articulo 173.3 del código penal -- Relaciones sexuales -- Corte suprema de justicia de la República ...
650 ## - PUNTO DE ACCESO ADICIONAL DE MATERIA--TÉRMINO DE MATERIA
Descriptor Delitos sexuales
9 (RLIN) 10806
650 ## - PUNTO DE ACCESO ADICIONAL DE MATERIA--TÉRMINO DE MATERIA
Descriptor Aspectos legales
9 (RLIN) 3379
650 ## - PUNTO DE ACCESO ADICIONAL DE MATERIA--TÉRMINO DE MATERIA
Descriptor Perú
9 (RLIN) 35
700 ## - PUNTO DE ACCESO ADICIONAL--NOMBRE DE PERSONA
Nombre Personal Yábar Gutiérrez, Indira (compilador)
9 (RLIN) 10807
942 ## - ELEMENTOS DE PUNTO DE ACCESO ADICIONAL (KOHA)
Fuente de clasificación
Tipo de item Libros-BMC
945 ## - PROCESAMIENTO DE INFORMACIÓN LOCAL (OCLC)
Catalogador achl
Holdings
Estado de retiro (separado) Fuente de clasificación o esquema de estanterías Estado dañado Ubicación Sala donde se ubica Nombre de la colección Fecha de adquisición o compra Costo, precio normal en soles Signatura topográfica Código de Barras Última vez visto (Koha) Tipo de ítem (Koha)
No     Sala Humanidades Sala Humanidades Book Cart 2019-03-06 20.00 344.522 / AC21 SH0000003671 2019-03-06 Libros-BMC

Powered by Koha